000 00386nam a22001577a 4500
999 _c9531
_d9531
003 GBCCL
005 20241126110714.0
008 230303b ||||| |||| 00| 0 eng d
040 _cgbc
082 _a231
_bSHA
100 _aSharp, Leonard E S
_916597
245 _aGreat truths from God's word
260 _aSecunderabad :
_bAuthentic books,
_c2010
300 _a230
942 _2ddc
_cBK